000
00312nam a22001337a 4500
008
170612b xxu||||| |||| 00| 0 eng d
020
_a
53D1090
041
_a
eng
080
_a
32
100
_a
19
101
_a
SHP
245
_a
THE FOREIGN POLICY OF THE USSR: DOMESTIC FACTORS
_c
SCHWARTZ, M
942
_2
udc
_c
BK
999
_c
16860
_d
16860